000 00591nam a2200181Ia 4500
008 100917s9999 xx 000 0 und d
082 _b18954
100 _aफाटक नरहर रघुनाथ
245 _aन्या. महादेव गोविद रानडे
260 _b---
_c1924
300 _a594
365 _b3
520 _aचरित्र
630 _aन्या. महादेव गोविद रानडे
650 _aचरित्र
730 _aन्या. महादेव गोविद रानडे
942 _cBOOK
999 _c624348
_d624345